[Event "IECC O-2685"]
[Site "IECC email"]
[Date "2007.10.26"]
[Round "?"]
[White "Jansen, Ruud"]
[Black "Kerschbaumer, Ricardo"]
[Result "1-0"]
[WhiteElo "1187"]
[BlackElo "1100"]
[PlyCount "71"]
[EventDate "2007.??.??"]
[EventType "swiss (corr)"]
[EventRounds "2"]
[SourceTitle "Corr 2011"]
[Source "ChessBase"]
[SourceDate "2010.08.31"]
[SourceVersion "1"]
[SourceVersionDate "2010.08.31"]
[SourceQuality "1"]
[WhiteTeam "US of America"]
[BlackTeam "South Africa"]
[WhiteTeamCountry "USA"]
[BlackTeamCountry "RSA"]

1. d4 d5 2. Nc3 Nf6 3. f3 Na6 4. e4 Be6 5. Bb5+ c6 6. Ba4 b5 7. Bb3 Rg8 8. Nge2 g5 9. 0-0 h5 10. e5 Nh7 11. Qd3 Rg7 12. Ng3 Nb4 13. Qe2 Rg6 14. Nxh5 Rh6 15. Ng3 a5 16. a4 Qb6 17. Be3 f5 18. f4 g4 19. axb5 Bd7 20. Ba4 e6 21. bxc6 Bxc6 22. Bxc6+ Nxc6 23. Nb5 Qd8 24. Rac1 Kd7 25. c4 Qh4 26. cxd5 exd5 27. Nxf5 Qxh2+ 28. Kf2 Rh5 29. Qxg4 Rb8 30. Ng3+ Ke7 31. Nxh5 Rxb5 32. Rh1 Rxb2+ 33. Kf3 Rxg2 34. Qxg2 Qxg2+ 35. Kxg2 Bh6 36. Rxc6 1-0